[Event "84th ESP-ch 2019"]
[Site "Marbella"]
[Date "2019.11.24"]
[Round "9.32"]
[White "Represa Perez, Mireya"]
[Black "Jimenez Fernandez, Rebeca"]
[Result "1-0"]
[WhiteElo "2189"]
[BlackElo "2043"]
[Annotator "NA"]
[PlyCount "63"]
[EventDate "2019.11.16"]
[EventType "swiss"]
[EventCountry "ESP"]
[SourceTitle "playchess.com"]
[Source "ChessBase"]
[SourceQuality "1"]
[TimeControl "5400+30"]

1. e4 {[%emt 0:00:00]} c5 {[%emt 0:00:00]} 2. Nf3 {[%emt 0:00:00]} Nc6 {[%emt 0:00:00]} 3. Bb5 {[%emt 0:00:00]} g6 {[%emt 0:00:00]} 4. Bxc6 {[%emt 0:00:30]} bxc6 {[%emt 0:00:00]} 5. O-O {[%emt 0:00:15]} Bg7 {[%emt 0:00:01]} 6. Re1 {[%emt 0:00:07]} Nh6 {[%emt 0:01:05]} 7. c3 {[%emt 0:01:18]} O-O {[%emt 0:00:23]} 8. h3 {[%emt 0:02:02]} f6 {[%emt 0:05:20]} 9. d4 {[%emt 0:00:39]} cxd4 {[%emt 0:00:44]} 10. cxd4 {[%emt 0:00:11]} Nf7 {[%emt 0:00:28]} 11. Be3 {[%emt 0:04:13]} e5 {[%emt 0:02:29]} 12. Nc3 {[%emt 0:07:34]} d6 {[%emt 0:02:21]} 13. Qc2 {[%emt 0:01:25]} f5 {[%emt 0:03:03]} 14. dxe5 {[%emt 0:07:33]} Nxe5 {[%emt 0:00:53]} 15. Nxe5 {[%emt 0:01:24]} Bxe5 {[%emt 0:01:51]} 16. f4 {[%emt 0:04:23]} Bg7 {[%emt 0:01:18]} 17. Rad1 {[%emt 0:01:23]} Qh4 {[%emt 0:14:33]} 18. Re2 {[%emt 0:06:13]} Rd8 {[%emt 0:15:43]} 19. Red2 {[%emt 0:08:07]} fxe4 {[%emt 0:00:53]} 20. Nxe4 {[%emt 0:02:59]} Bf5 {[%emt 0:04:29]} 21. Qxc6 {[%emt 0:08:56]} Qe7 {[%emt 0:03:10]} 22. Qd5+ {[%emt 0:16:57]} Kf8 {[%emt 0:17:28]} 23. Ng5 {[%emt 0:03:27]} Qxe3+ {[%emt 0:03:47]} 24. Kh1 {[%emt 0:01:32]} Qe7 {[%emt 0:01:23]} 25. Nxh7+ {[%emt 0:02:28]} Ke8 {[%emt 0:00:05]} 26. Qg8+ {[%emt 0:02:18]} Bf8 {[%emt 0:03:13]} 27. Nxf8 {[%emt 0:02:51]} Qxf8 {[%emt 0:00:22]} 28. Re2+ {[%emt 0:00:30]} Kd7 {[%emt 0:00:30]} 29. Qh7+ {[%emt 0:00:06]} Kc6 {[%emt 0:01:20]} 30. Rc1+ {[%emt 0:00:06]} Kb5 {[%emt 0:02:42]} 31. Qb7+ {[%emt 0:00:10]} Ka5 {[%emt 0:00:49]} 32. b4+ {[%emt 0:00:12]} 1-0

[Event "84th ESP-ch 2019"]
[Site "Marbella"]
[Date "2019.11.24"]
[Round "9.33"]
[White "Garcia Vicente, Nieves"]
[Black "Lopez Guerrero, Jose Miguel"]
[Result "1-0"]
[WhiteElo "2175"]
[BlackElo "2085"]
[Annotator "NA"]
[PlyCount "121"]
[EventDate "2019.11.16"]
[EventType "swiss"]
[EventCountry "ESP"]
[SourceTitle "playchess.com"]
[Source "ChessBase"]
[SourceQuality "1"]
[TimeControl "5400+30"]

1. d4 {[%emt 0:00:00]} Nf6 {[%emt 0:00:00]} 2. c4 {[%emt 0:00:00]} e6 {[%emt 0:00:00]} 3. Nc3 {[%emt 0:00:28]} Bb4 {[%emt 0:00:00]} 4. e3 {[%emt 0:00:20]} O-O {[%emt 0:00:19]} 5. Bd3 {[%emt 0:00:32]} d5 {[%emt 0:00:29]} 6. Nf3 {[%emt 0:01:03]} a6 {[%emt 0:03:07]} 7. a3 {[%emt 0:04:06]} Bxc3+ {[%emt 0:00:41]} 8. bxc3 {[%emt 0:00:03]} dxc4 {[%emt 0:00:19]} 9. Bxc4 {[%emt 0:00:21]} b5 {[%emt 0:00:05]} 10. Be2 {[%emt 0:06:09]} Nbd7 {[%emt 0:00:40]} 11. a4 {[%emt 0:02:35]} bxa4 {[%emt 0:00:46]} 12. Qxa4 {[%emt 0:02:14]} a5 {[%emt 0:00:10]} 13. O-O {[%emt 0:04:44]} Bb7 {[%emt 0:00:54]} 14. Rd1 {[%emt 0:07:49]} c5 {[%emt 0:02:46]} 15. Ba3 {[%emt 0:03:25]} Qc7 {[%emt 0:00:10]} 16. Rac1 {[%emt 0:05:00]} Rfc8 {[%emt 0:01:16]} 17. h3 {[%emt 0:02:38]} h6 {[%emt 0:00:07]} 18. c4 {[%emt 0:04:43]} Bc6 {[%emt 0:02:49]} 19. Qc2 {[%emt 0:01:43]} Be4 {[%emt 0:00:06]} 20. Qa2 {[%emt 0:06:33]} Rab8 {[%emt 0:01:39]} 21. Rd2 {[%emt 0:06:07]} Rb7 {[%emt 0:03:48]} 22. Rb2 {[%emt 0:05:00]} Rcb8 {[%emt 0:00:29]} 23. dxc5 {[%emt 0:02:38]} Nxc5 {[%emt 0:01:03]} 24. Rb5 {[%emt 0:00:26]} Ncd7 {[%emt 0:07:10]} 25. Rd1 {[%emt 0:03:47]} Rxb5 {[%emt 0:02:55]} 26. cxb5 {[%emt 0:00:10]} Nd5 {[%emt 0:01:24]} 27. Qd2 {[%emt 0:02:37]} Nc3 {[%emt 0:02:18]} 28. Bd6 {[%emt 0:08:13]} Qc8 {[%emt 0:00:20]} 29. Bxb8 {[%emt 0:00:31]} Nxd1 {[%emt 0:00:56]} 30. Qxd1 {[%emt 0:00:18]} Nxb8 {[%emt 0:00:13]} 31. Qd4 {[%emt 0:10:59]} Bd5 {[%emt 0:02:39]} 32. Qb2 {[%emt 0:02:27]} Nd7 {[%emt 0:01:15]} 33. Nd2 {[%emt 0:01:02]} Qb7 {[%emt 0:04:31]} 34. Bf1 {[%emt 0:00:03]} Nc5 {[%emt 0:02:28]} 35. Nb1 {[%emt 0:00:38]} a4 {[%emt 0:00:42]} 36. Qb4 {[%emt 0:01:13]} Qb6 {[%emt 0:00:16]} 37. Nc3 {[%emt 0:01:55]} Bb3 {[%emt 0:00:11]} 38. Be2 {[%emt 0:00:51]} Na6 {[%emt 0:00:51]} 39. Nxa4 {[%emt 0:00:38]} Bxa4 {[%emt 0:02:12]} 40. Qxa4 {[%emt 0:00:03]} Nc7 {[%emt 0:00:42]} 41. Bc4 {[%emt 0:00:41]} g6 {[%emt 0:00:19]} 42. Qb3 {[%emt 0:00:53]} Kg7 {[%emt 0:00:07]} 43. Qb2+ {[%emt 0:00:42]} Kg8 {[%emt 0:00:13]} 44. Qd4 {[%emt 0:00:31]} Qxd4 {[%emt 0:00:36]} 45. exd4 {[%emt 0:00:01]} Na8 {[%emt 0:00:08]} 46. d5 {[%emt 0:01:04]} e5 {[%emt 0:00:15]} 47. d6 {[%emt 0:00:18]} Nb6 {[%emt 0:00:20]} 48. Bb3 {[%emt 0:00:28]} Kf8 {[%emt 0:00:20]} 49. Kf1 {[%emt 0:00:20]} Ke8 {[%emt 0:06:24]} 50. Ke2 {[%emt 0:00:03]} Nc8 {[%emt 0:00:28]} 51. Bxf7+ {[%emt 0:00:40]} Kd7 {[%emt 0:00:16]} 52. Bxg6 {[%emt 0:00:09]} Nxd6 {[%emt 0:00:11]} 53. Bd3 {[%emt 0:00:54]} Ke6 {[%emt 0:01:50]} 54. Ke3 {[%emt 0:00:04]} Kd5 {[%emt 0:00:12]} 55. f3 {[%emt 0:01:39]} Nc8 {[%emt 0:00:18]} 56. Be4+ {[%emt 0:00:39]} Kc5 {[%emt 0:00:06]} 57. Bc6 {[%emt 0:00:12]} Nd6 {[%emt 0:00:19]} 58. Kd3 {[%emt 0:00:39]} h5 {[%emt 0:00:21]} 59. g4 {[%emt 0:00:32]} hxg4 {[%emt 0:02:21]} 60. fxg4 {[%emt 0:00:14]} e4+ {[%emt 0:01:29]} 61. Ke3 {[%emt 0:00:39] Kd5 Kxe4+} 1-0

[Event "84th ESP-ch 2019"]
[Site "Marbella"]
[Date "2019.11.24"]
[Round "9.34"]
[White "Ramirez Diaz, Jose Ramon"]
[Black "Sosa Suarez, Carla Cristina"]
[Result "0-1"]
[WhiteElo "2171"]
[BlackElo "2022"]
[Annotator "NA"]
[PlyCount "80"]
[EventDate "2019.11.16"]
[EventType "swiss"]
[EventCountry "ESP"]
[SourceTitle "playchess.com"]
[Source "ChessBase"]
[SourceQuality "1"]
[TimeControl "5400+30"]

1. e4 {[%emt 0:00:00]} e6 {[%emt 0:00:00]} 2. d3 {[%emt 0:00:00]} d5 {[%emt 0:00:00]} 3. Nd2 {[%emt 0:00:02]} c5 {[%emt 0:00:00]} 4. Ngf3 {[%emt 0:00:09]} Nc6 {[%emt 0:00:01]} 5. g3 {[%emt 0:00:16]} Nf6 {[%emt 0:00:05]} 6. Bg2 {[%emt 0:00:09]} Be7 {[%emt 0:00:17]} 7. O-O {[%emt 0:00:08]} b6 {[%emt 0:00:13]} 8. Re1 {[%emt 0:00:24]} Bb7 {[%emt 0:00:23]} 9. c3 {[%emt 0:01:45]} h6 {[%emt 0:02:21]} 10. e5 {[%emt 0:07:51]} Nd7 {[%emt 0:00:04]} 11. d4 {[%emt 0:01:26]} Qc7 {[%emt 0:03:08]} 12. a3 {[%emt 0:01:02]} g5 {[%emt 0:04:54]} 13. h3 {[%emt 0:01:47]} O-O-O {[%emt 0:03:07]} 14. b4 {[%emt 0:01:49]} c4 {[%emt 0:05:34]} 15. a4 {[%emt 0:07:49]} Rdg8 {[%emt 0:04:32]} 16. Ba3 {[%emt 0:04:12]} Qd8 {[%emt 0:06:30]} 17. Nh2 {[%emt 0:06:02]} h5 {[%emt 0:01:48]} 18. Qe2 {[%emt 0:03:12]} Kb8 {[%emt 0:06:49]} 19. Nxc4 {[%emt 0:18:38]} dxc4 {[%emt 0:03:16]} 20. Qxc4 {[%emt 0:00:07]} Qc7 {[%emt 0:06:13]} 21. b5 {[%emt 0:00:31]} Bxa3 {[%emt 0:03:14]} 22. bxc6 {[%emt 0:00:11]} Be7 {[%emt 0:02:41]} 23. d5 {[%emt 0:02:55]} Nxe5 {[%emt 0:03:58]} 24. Rxe5 {[%emt 0:02:08]} Qxe5 {[%emt 0:00:32]} 25. cxb7 {[%emt 0:00:08]} Bc5 {[%emt 0:01:37]} 26. Nf1 {[%emt 0:02:54]} Rd8 {[%emt 0:02:54]} 27. dxe6 {[%emt 0:08:34]} fxe6 {[%emt 0:00:39]} 28. Ra2 {[%emt 0:02:26]} Rhf8 {[%emt 0:09:29]} 29. Re2 {[%emt 0:07:35]} Qf6 {[%emt 0:00:29]} 30. Qa2 {[%emt 0:00:21]} h4 {[%emt 0:04:43]} 31. g4 {[%emt 0:09:43]} Rd3 {[%emt 0:02:52]} 32. c4 {[%emt 0:03:48]} Qf4 {[%emt 0:05:09]} 33. Qc2 Ra3 {[%emt 0:02:14]} 34. Rxe6 {[%emt 0:04:06]} Qxf2+ {[%emt 0:03:14]} 35. Qxf2 {[%emt 0:00:07]} Bxf2+ {[%emt 0:00:03]} 36. Kh1 {[%emt 0:00:39]} Rxa4 {[%emt 0:01:07]} 37. Bd5 {[%emt 0:01:20]} Ra1 {[%emt 0:01:27]} 38. Kg2 {[%emt 0:00:07]} Bc5 {[%emt 0:01:35]} 39. Ne3 {[%emt 0:00:46]} Re1 {[%emt 0:00:38]} 40. Nf5 {[%emt 0:00:49]} Rxe6 {[%emt 0:00:14]} 0-1

[Event "84th ESP-ch 2019"]
[Site "Marbella"]
[Date "2019.11.24"]
[Round "9.35"]
[White "Donado-Mazarron Gomez, Miguel"]
[Black "Boutahar Belgasi, Tarik"]
[Result "1-0"]
[WhiteElo "2171"]
[BlackElo "2027"]
[Annotator "NA"]
[PlyCount "69"]
[EventDate "2019.11.16"]
[EventType "swiss"]
[EventCountry "ESP"]
[SourceTitle "playchess.com"]
[Source "ChessBase"]
[SourceQuality "1"]
[TimeControl "5400+30"]

1. d4 {[%emt 0:00:00]} Nf6 {[%emt 0:04:51]} 2. c4 {[%emt 0:00:00]} e6 {[%emt 0:01:00]} 3. Nc3 {[%emt 0:00:00]} d5 {[%emt 0:00:09]} 4. cxd5 {[%emt 0:00:00]} exd5 {[%emt 0:00:04]} 5. Bg5 {[%emt 0:00:00]} Be7 {[%emt 0:01:47]} 6. e3 {[%emt 0:00:03]} O-O {[%emt 0:00:09]} 7. Bd3 {[%emt 0:00:08]} c6 {[%emt 0:00:54]} 8. Qc2 {[%emt 0:00:06]} Nbd7 {[%emt 0:00:47]} 9. Nge2 {[%emt 0:00:09]} Re8 {[%emt 0:00:12]} 10. O-O {[%emt 0:00:10]} Nf8 {[%emt 0:00:42]} 11. f3 {[%emt 0:00:51]} c5 {[%emt 0:05:04]} 12. Rac1 {[%emt 0:08:56]} h6 {[%emt 0:40:18]} 13. Bh4 {[%emt 0:05:07]} Ne6 {[%emt 0:00:55]} 14. Qd2 {[%emt 0:01:18]} cxd4 {[%emt 0:03:14]} 15. exd4 {[%emt 0:03:34]} Qa5 {[%emt 0:07:28]} 16. Rfe1 {[%emt 0:02:22]} Bd7 {[%emt 0:00:10]} 17. Bb1 {[%emt 0:01:25]} Bc6 {[%emt 0:00:29]} 18. Ng3 {[%emt 0:04:32]} Ne4 {[%emt 0:08:30]} 19. Rxe4 {[%emt 0:10:15]} dxe4 {[%emt 0:00:37]} 20. Bxe7 {[%emt 0:00:26]} Rxe7 {[%emt 0:00:17]} 21. d5 {[%emt 0:02:04]} Bxd5 {[%emt 0:14:00]} 22. Qxd5 {[%emt 0:01:45]} Qb6+ {[%emt 0:00:28]} 23. Kh1 {[%emt 0:00:49]} Nf4 {[%emt 0:00:42]} 24. Qf5 {[%emt 0:10:32]} Qe3 {[%emt 0:02:59]} 25. Rg1 {[%emt 0:05:42]} g6 {[%emt 0:02:29]} 26. Nd5 {[%emt 0:10:44]} Nxd5 {[%emt 0:00:03]} 27. Qxd5 {[%emt 0:00:08]} exf3 {[%emt 0:01:44]} 28. Bxg6 {[%emt 0:05:37]} f2 {[%emt 0:01:58]} 29. Rf1 {[%emt 0:00:18]} Qe6 {[%emt 0:00:02]} 30. Nf5 {[%emt 0:05:32]} Rae8 {[%emt 0:02:27]} 31. Nxe7+ {[%emt 0:04:18]} Qxe7 {[%emt 0:00:19]} 32. Bd3 {[%emt 0:02:30]} Qf6 {[%emt 0:00:40]} 33. g3 {[%emt 0:02:23]} Rd8 {[%emt 0:00:30]} 34. Qf5 {[%emt 0:02:23]} Qc6+ {[%emt 0:00:31]} 35. Be4 {[%emt 0:00:20]} 1-0

[Event "84th ESP-ch 2019"]
[Site "Marbella"]
[Date "2019.11.24"]
[Round "9.36"]
[White "Jaime Montalvan, Luis Felipe"]
[Black "Antonano Fedz-Quincoces, Avelino"]
[Result "1-0"]
[WhiteElo "2167"]
[BlackElo "2021"]
[Annotator "NA"]
[PlyCount "117"]
[EventDate "2019.11.16"]
[EventType "swiss"]
[EventCountry "ESP"]
[SourceTitle "playchess.com"]
[Source "ChessBase"]
[SourceQuality "1"]
[TimeControl "5400+30"]

1. d4 {[%emt 0:00:00]} Nf6 {[%emt 0:00:00]} 2. c4 {[%emt 0:00:00]} e6 {[%emt 0:00:00]} 3. g3 {[%emt 0:01:45]} c5 {[%emt 0:00:48]} 4. d5 {[%emt 0:01:39]} exd5 {[%emt 0:00:22]} 5. cxd5 {[%emt 0:00:04]} d6 {[%emt 0:00:26]} 6. Bg2 {[%emt 0:00:05]} g6 {[%emt 0:00:30]} 7. Nc3 {[%emt 0:00:10]} Bg7 {[%emt 0:00:21]} 8. Nf3 {[%emt 0:00:07]} O-O {[%emt 0:00:35]} 9. O-O {[%emt 0:00:05]} Re8 {[%emt 0:01:34]} 10. Nd2 {[%emt 0:01:48]} Na6 {[%emt 0:02:43]} 11. Nc4 {[%emt 0:02:45]} Nc7 {[%emt 0:01:37]} 12. Bf4 {[%emt 0:01:05]} Bf8 {[%emt 0:00:15]} 13. a4 {[%emt 0:00:22]} Nh5 {[%emt 0:01:20]} 14. Bd2 {[%emt 0:00:17]} b6 15. e4 {[%emt 0:00:59]} Ba6 {[%emt 0:01:38]} 16. Qb3 {[%emt 0:06:04]} Rb8 {[%emt 0:01:57]} 17. Rfe1 {[%emt 0:00:05]} Bxc4 {[%emt 0:03:58]} 18. Qxc4 {[%emt 0:00:04]} a6 {[%emt 0:00:11]} 19. Qb3 {[%emt 0:13:40]} Nf6 {[%emt 0:01:32]} 20. Qc2 {[%emt 0:04:25]} Bg7 {[%emt 0:01:34]} 21. h3 {[%emt 0:02:41]} Nd7 {[%emt 0:06:11]} 22. Nd1 {[%emt 0:09:10]} b5 {[%emt 0:09:53]} 23. Bc3 {[%emt 0:01:30]} Ne5 24. f4 {[%emt 0:01:18]} b4 {[%emt 0:05:02]} 25. Bxe5 {[%emt 0:13:42]} dxe5 {[%emt 0:00:28]} 26. f5 {[%emt 0:04:15]} gxf5 {[%emt 0:04:06]} 27. Ne3 {[%emt 0:01:13]} f4 {[%emt 0:00:48]} 28. Nf5 {[%emt 0:00:09]} Qg5 {[%emt 0:14:30]} 29. Qxc5 {[%emt 0:14:29]} Rbc8 {[%emt 0:01:07]} 30. h4 {[%emt 0:00:30]} Qf6 {[%emt 0:01:36]} 31. Rac1 {[%emt 0:02:01]} Bf8 {[%emt 0:01:15]} 32. Qa5 {[%emt 0:00:28]} Na8 {[%emt 0:03:31]} 33. Bf1 {[%emt 0:01:30]} Qb6+ {[%emt 0:02:51]} 34. Qxb6 {[%emt 0:00:04]} Nxb6 {[%emt 0:01:04]} 35. Bxa6 {[%emt 0:00:03]} Rxc1 {[%emt 0:01:44]} 36. Rxc1 {[%emt 0:00:12]} Nxa4 {[%emt 0:00:20]} 37. Bb5 {[%emt 0:00:51]} Ra8 {[%emt 0:00:04]} 38. Ra1 {[%emt 0:01:47]} Bc5+ {[%emt 0:01:20]} 39. Kg2 {[%emt 0:00:18]} Nb6 {[%emt 0:00:41]} 40. Rxa8+ {[%emt 0:01:16]} Nxa8 {[%emt 0:00:02]} 41. d6 {[%emt 0:00:55]} Kf8 {[%emt 0:01:18]} 42. gxf4 {[%emt 0:03:27]} f6 {[%emt 0:00:17]} 43. fxe5 {[%emt 0:03:35]} fxe5 {[%emt 0:00:21]} 44. b3 {[%emt 0:04:51]} Kf7 {[%emt 0:02:27]} 45. Kg3 {[%emt 0:04:25]} Nb6 {[%emt 0:00:22]} 46. Kg4 {[%emt 0:00:25]} Ke6 {[%emt 0:00:29]} 47. Kg5 {[%emt 0:00:49]} Bxd6 {[%emt 0:01:11]} 48. Nxd6 {[%emt 0:00:13]} Kxd6 {[%emt 0:00:15]} 49. Kh6 {[%emt 0:00:16]} Kc5 {[%emt 0:00:32]} 50. Be8 {[%emt 0:00:32]} Kd4 {[%emt 0:01:14]} 51. Kxh7 {[%emt 0:00:50]} Kxe4 {[%emt 0:01:33]} 52. Kg7 {[%emt 0:00:08]} Nc4 {[%emt 0:06:47]} 53. h5 {[%emt 0:01:43]} Nd6 {[%emt 0:07:26]} 54. Bg6+ {[%emt 0:00:04]} Kd4 {[%emt 0:00:19]} 55. h6 {[%emt 0:00:03]} Kc3 {[%emt 0:05:22]} 56. h7 {[%emt 0:00:05]} Kxb3 {[%emt 0:00:31]} 57. h8=Q {[%emt 0:00:03]} Nb5 {[%emt 0:00:34]} 58. Kf6 {[%emt 0:01:02]} Ka3 {[%emt 0:03:41]} 59. Qa8+ {[%emt 0:00:38]} 1-0

[Event "84th ESP-ch 2019"]
[Site "Marbella"]
[Date "2019.11.24"]
[Round "9.37"]
[White "Hernando Rodrigo, Inmaculada"]
[Black "Vega Gutierrez, Belinda"]
[Result "0-1"]
[WhiteElo "1863"]
[BlackElo "2161"]
[Annotator "NA"]
[PlyCount "120"]
[EventDate "2019.11.16"]
[EventType "swiss"]
[EventCountry "ESP"]
[SourceTitle "playchess.com"]
[Source "ChessBase"]
[SourceQuality "1"]
[TimeControl "5400+30"]

1. e4 {[%emt 0:01:18]} e5 {[%emt 0:00:00]} 2. d4 {[%emt 0:00:06]} exd4 {[%emt 0:00:06]} 3. Qxd4 {[%emt 0:00:06]} Nc6 {[%emt 0:00:12]} 4. Qe3 {[%emt 0:00:08]} Nf6 {[%emt 0:00:12]} 5. Nc3 {[%emt 0:00:19]} Bb4 {[%emt 0:00:39]} 6. Bd2 {[%emt 0:00:14]} O-O {[%emt 0:00:39]} 7. O-O-O {[%emt 0:00:45]} Re8 {[%emt 0:00:24]} 8. Bc4 {[%emt 0:01:39]} d6 {[%emt 0:04:30]} 9. f3 {[%emt 0:01:54]} Ne5 {[%emt 0:06:40]} 10. Bb3 {[%emt 0:07:40]} Be6 {[%emt 0:02:39]} 11. Bxe6 {[%emt 0:11:23]} Rxe6 {[%emt 0:00:05]} 12. Qf2 {[%emt 0:04:52]} a5 {[%emt 0:07:08]} 13. Nge2 {[%emt 0:03:43]} Bc5 {[%emt 0:11:43]} 14. Nd4 {[%emt 0:05:24]} Re8 {[%emt 0:01:53]} 15. Bg5 {[%emt 0:14:15]} h6 {[%emt 0:00:57]} 16. Bxf6 {[%emt 0:05:52]} Qxf6 {[%emt 0:00:04]} 17. Nd5 {[%emt 0:00:41]} Qd8 {[%emt 0:00:11]} 18. Qg3 {[%emt 0:01:36]} c6 {[%emt 0:16:30]} 19. Nf5 {[%emt 0:00:59]} g6 {[%emt 0:02:11]} 20. Nxh6+ {[%emt 0:10:55]} Kh7 {[%emt 0:00:15]} 21. Nxf7 {[%emt 0:07:32]} Nxf7 {[%emt 0:01:02]} 22. Nf4 {[%emt 0:02:19]} Qg5 {[%emt 0:03:32]} 23. Qxg5 {[%emt 0:01:24]} Nxg5 {[%emt 0:00:03]} 24. Nd3 {[%emt 0:00:12]} Be3+ {[%emt 0:02:45]} 25. Kb1 {[%emt 0:00:02]} Re7 {[%emt 0:00:14]} 26. h4 {[%emt 0:01:04]} Nf7 {[%emt 0:01:09]} 27. h5 {[%emt 0:00:38]} g5 {[%emt 0:00:48]} 28. Rde1 {[%emt 0:02:21]} Bb6 {[%emt 0:04:40]} 29. Nc1 {[%emt 0:03:02]} Rae8 {[%emt 0:00:31]} 30. Ne2 {[%emt 0:00:24]} d5 {[%emt 0:01:51]} 31. Ng3 {[%emt 0:00:54]} Bf2 {[%emt 0:01:14]} 32. Nf5 {[%emt 0:00:07]} Bxe1 {[%emt 0:00:22]} 33. Nxe7 {[%emt 0:00:06]} Rxe7 {[%emt 0:05:12]} 34. Rxe1 {[%emt 0:00:07]} dxe4 {[%emt 0:00:08]} 35. fxe4 {[%emt 0:01:46]} Kh6 {[%emt 0:01:40]} 36. Kc1 {[%emt 0:01:28]} Kxh5 {[%emt 0:02:31]} 37. Kd2 {[%emt 0:00:19]} Kg4 {[%emt 0:01:04]} 38. Kd3 {[%emt 0:00:39]} Kg3 {[%emt 0:00:47]} 39. Re2 {[%emt 0:00:22]} Ne5+ {[%emt 0:03:29]} 40. Kd4 {[%emt 0:00:27]} b6 {[%emt 0:05:09]} 41. a3 {[%emt 0:04:06]} Ng4 {[%emt 0:03:29]} 42. e5 {[%emt 0:00:47]} Re6 {[%emt 0:01:37]} 43. b4 {[%emt 0:00:18]} axb4 {[%emt 0:00:14]} 44. axb4 {[%emt 0:00:02]} b5 {[%emt 0:02:15]} 45. Re4 {[%emt 0:01:54]} Nf2 {[%emt 0:00:40]} 46. Re2 {[%emt 0:01:28]} Kxg2 {[%emt 0:00:17]} 47. c4 {[%emt 0:00:09]} bxc4 {[%emt 0:00:35]} 48. Kxc4 {[%emt 0:00:06]} Kf3 {[%emt 0:01:43]} 49. Re1 {[%emt 0:00:43]} g4 {[%emt 0:01:07]} 50. b5 {[%emt 0:00:10]} cxb5+ {[%emt 0:00:09]} 51. Kd5 {[%emt 0:00:04]} Re8 {[%emt 0:00:21]} 52. e6 {[%emt 0:00:55]} g3 {[%emt 0:02:18]} 53. Kd6 {[%emt 0:00:30]} Ne4+ {[%emt 0:00:34]} 54. Kd7 {[%emt 0:02:42]} Nf6+ {[%emt 0:00:04]} 55. Kd6 {[%emt 0:00:08]} g2 {[%emt 0:00:18]} 56. Rb1 {[%emt 0:00:04]} Rg8 {[%emt 0:03:04]} 57. Rxb5 {[%emt 0:00:12]} Ne8+ {[%emt 0:00:37]} 58. Kd7 {[%emt 0:00:32]} g1=Q {[%emt 0:00:11]} 59. Rf5+ {[%emt 0:00:48]} Ke4 {[%emt 0:00:18]} 60. Rf7 {[%emt 0:00:13]} Qb6 {[%emt 0:00:54]} 0-1

[Event "84th ESP-ch 2019"]
[Site "Marbella"]
[Date "2019.11.24"]
[Round "9.38"]
[White "Collado Barbas, Laura"]
[Black "Diaz Mino, Daniel"]
[Result "1/2-1/2"]
[WhiteElo "2142"]
[BlackElo "1953"]
[Annotator "NA"]
[PlyCount "88"]
[EventDate "2019.11.16"]
[EventType "swiss"]
[EventCountry "ESP"]
[SourceTitle "playchess.com"]
[Source "ChessBase"]
[SourceQuality "1"]
[TimeControl "5400+30"]

1. d4 {[%emt 0:02:48]} Nf6 {[%emt 0:00:00]} 2. c4 {[%emt 0:00:06]} c5 {[%emt 0:00:00]} 3. d5 {[%emt 0:00:05]} b5 {[%emt 0:00:00]} 4. cxb5 {[%emt 0:04:42]} a6 {[%emt 0:00:06]} 5. bxa6 {[%emt 0:00:05]} g6 {[%emt 0:00:21]} 6. Nc3 {[%emt 0:00:45]} Bg7 {[%emt 0:00:12]} 7. Nf3 {[%emt 0:00:17]} O-O {[%emt 0:00:28]} 8. g3 {[%emt 0:00:11]} Nxa6 {[%emt 0:13:32]} 9. Bg2 {[%emt 0:01:31]} d6 {[%emt 0:02:29]} 10. O-O {[%emt 0:00:58]} Nb4 {[%emt 0:04:54]} 11. Nh4 {[%emt 0:04:41]} h6 {[%emt 0:18:36]} 12. a3 {[%emt 0:10:52]} g5 {[%emt 0:40:42]} 13. Nf3 {[%emt 0:01:18]} Bf5 {[%emt 0:00:37]} 14. Ne1 {[%emt 0:01:45]} Qd7 {[%emt 0:01:50]} 15. e4 {[%emt 0:02:44]} Bg6 {[%emt 0:00:47]} 16. Be3 {[%emt 0:02:50]} Na6 {[%emt 0:00:36]} 17. f3 {[%emt 0:05:24]} Rfb8 {[%emt 0:00:21]} 18. Rf2 {[%emt 0:03:55]} Rb7 {[%emt 0:01:32]} 19. Bf1 {[%emt 0:01:12]} Nc7 {[%emt 0:00:37]} 20. Bd3 {[%emt 0:09:09]} Rab8 {[%emt 0:00:26]} 21. Qc1 {[%emt 0:03:17]} Qh3 {[%emt 0:01:28]} 22. Rc2 {[%emt 0:04:30]} Qd7 {[%emt 0:01:03]} 23. Rd2 {[%emt 0:11:20]} Rb3 {[%emt 0:01:41]} 24. Rb1 {[%emt 0:07:44]} R3b7 {[%emt 0:01:36]} 25. Re2 {[%emt 0:05:26]} Rd8 {[%emt 0:01:37]} 26. b4 {[%emt 0:03:09]} cxb4 {[%emt 0:00:36]} 27. axb4 {[%emt 0:00:10]} Rc8 {[%emt 0:00:33]} 28. Rc2 {[%emt 0:00:36]} e6 {[%emt 0:00:28]} 29. dxe6 {[%emt 0:01:49]} Nxe6 {[%emt 0:00:24]} 30. Ba6 {[%emt 0:00:58]} g4 {[%emt 0:00:27]} 31. Bxb7 {[%emt 0:05:37]} Qxb7 {[%emt 0:00:01]} 32. Rb3 {[%emt 0:02:06]} gxf3 {[%emt 0:00:23]} 33. Qd1 {[%emt 0:01:04]} Ng4 {[%emt 0:00:46]} 34. Nd5 {[%emt 0:02:17]} Rxc2 {[%emt 0:00:57]} 35. Nxc2 {[%emt 0:01:02]} Bxe4 {[%emt 0:00:28]} 36. Nf4 {[%emt 0:00:48]} Nxf4 {[%emt 0:01:14]} 37. gxf4 {[%emt 0:00:42]} Qe7 {[%emt 0:00:56]} 38. Ne1 {[%emt 0:00:28]} Qe6 {[%emt 0:02:15]} 39. Ra3 {[%emt 0:00:34]} Nxe3 {[%emt 0:00:45]} 40. Rxe3 {[%emt 0:00:11]} Qg4+ {[%emt 0:00:09]} 41. Kf1 {[%emt 0:00:18]} Qh3+ {[%emt 0:01:15]} 42. Kg1 {[%emt 0:00:57]} Qg4+ {[%emt 0:02:04]} 43. Kf1 {[%emt 0:00:24]} Qh3+ {[%emt 0:00:48]} 44. Kg1 {[%emt 0:00:06]} Qg4+ {[%emt 0:01:20]} 1/2-1/2